| 000 | 00684cab a2200253 4500 | ||
|---|---|---|---|
| 001 | WB3026-39 | ||
| 008 | 090401t1994 xxu||||| |||| 00| 0 eng d | ||
| 035 | _a(Sirsi) u80413 | ||
| 041 | _aeng | ||
| 245 | _aFrom domes to towers | ||
| 260 | _c1994 | ||
| 350 | _a0 | ||
| 490 |
_aFinancial Times _v8 July 1994, 25(1) |
||
| 520 | _aEconomic reforms have resurrected the construction industry in Buenos Aires. | ||
| 650 | _aARGENTINA | ||
| 650 | _aBUENOS AIRES | ||
| 650 | _aCONSTRUCTION MARKET | ||
| 650 | _aPROPERTY MARKET | ||
| 650 | _aRECOVERY | ||
| 690 | _aPROPERTY-PROPERTY DEVELOPMENT | ||
| 690 | _aOVERSEAS-REST OF THE WORLD | ||
| 942 | _n0 | ||
| 948 | _c04/03/1997 | ||
| 999 |
_c50636 _d50636 |
||